000 02003cam a22006254i 4500
003 PE-LiUPU
005 20250731170418.0
008 170706s2010 sp r 000 0 spa d
020 _a844932307X
020 _a9788449323072
035 _a(Sirsi) a237877
040 _aPE-LiUPU
_bspa
_cPE-LiUPU
_erda
041 1 _aspa
_heng
049 _aPRUA
082 0 4 _a153.42
_bD35
_220
100 1 _aDe Bono, Edward,
_eautor.
245 1 0 _aSeis sombreros para pensar /
_cEdward de Bono.
264 1 _aBarcelona :
_bPaidós,
_c2010.
300 _a247 páginas ;
_c21 centímetros.
336 _atext
_2rdacontent
337 _aunmediated
_2rdamedia
338 _avolume
_2rdacarrier
490 0 _aBiblioteca Edward De Bono
505 0 _aEl sombrero blanco -- El sombrero rojo -- El sombrero negro -- El sombrero amarillo -- El sombrero verde -- El sombrero azul.
526 _aSEG68
526 _aSEG70
526 _aSEG69
526 _aSEG67
526 _aSEG43
526 _aP144
526 _aP143
526 _aP131
526 _aP122
526 _aP120
526 _aP117
526 _aP112
526 _aP110
526 _aP106
526 _aP101
526 _aP80
526 _aP59
526 _aP54
526 _aP35
526 _aP33
526 _aP30
534 _pTítulo original :
_tSix thinking hats.
650 0 4 _aEmpresas-
_x Toma de decisiones
650 0 4 _aPensamiento creativo.
910 _ajck
_bncf
_cncf
_d20170706
596 _a1
942 _2ddc
_cBOOK
999 _a153.42 D35
_wDEWEY
_c24577
_i76533
_f2021-11-3
_g4
_lCCODEBUL1
_mBUL
_p24.25
_r0
_sY
_tBOOK
_u2017-7-6
_xSALUD
_PP04
_0COMPRA
_o.STAFF. Colección Ciencias Empresariales
_d24577
999 _a153.42 D35
_wDEWEY
_c2
_i76534
_f2021-11-3
_g4
_lCCODEBUL1
_mBUL
_p24.25
_r0
_sY
_tBOOK
_u2017-7-6
_xSALUD
_PP04
_0COMPRA
_o.STAFF. Colección Ciencias Empresariales
980 _81
_gALBERTO SANCHEZ Responsable de Automatización